LEADER 01140nam a2200313 u 4500 001 000000057356 003 CaOOAMICUS 005 20070226120556.0 008 010508s1998 it u000 u ita u 020 $a8842055859 035 $a10887714 040 $aPUL(R)$bita 041 1 $aita$heng 100 1 $aWalzer, Michael,$d1935-$0(OLS)http://pul/name/13099 240 10$aOn tolerance.$lItaliano.$0(OLS)http://pul/title/76793 245 10$aSulla tolleranza /$cMichael Walzer. 260 $aBari :$bLaterza,$c1998. 300 $axiii, 172 p. ;$c21 cm 490 1 $aSagittari Laterza ;$v110 500 $aContiene indici. 504 $aBibliografia in nota. 650 4$aTolleranza.$0(OLS)http://pul/subject/3184 830 0$aSagittari Laterza ;$v110.$0(OLS)http://pul/title/18022 850 $aPUL 852 $aPUL$W1$xDP1 Altre Collocazioni$y17$mSenza collocazione$j12$nBK-PRI$b $qStampati$B75046$CPULBib$Z2$F75046 $81 941 1 $a8 996 $6020$a8842055859$9(OLS)http://pul/number/72463 996 $6245$aSulla tolleranza$9(OLS)http://pul/title/76794 996 $6260$aBari :$bLaterza$9(OLS)http://pul/publisher/47895 LEADER 01228nam a2200241 u 4500 001 000000087983 003 CaOOAMICUS 005 20070226124450.0 008 051021s1963 sz u000 u spa u 035 $a11065289 040 $aPUL(R)$bita 100 1 $aPin, Emile,$cS.I.$0(OLS)http://pul/name/10458 245 10$aElementos para una sociolog{rcommaa}a del catolicismo latinoamericano /$cpor Emile Pin. 260 $aFriburgo (Suiza) ;$aBogotá :$bOficina Internacional de Investigaciones Sociales de Feres,$c1963. 300 $a120 p. :$bdiagr. ;$c22 cm 490 1 $aEstudios socio-religiosos latino-americanos ;$v20 650 4$aCattolicesimo$zAmerica Latina.$0(OLS)http://pul/subject/29131 830 0$aEstudios socio-religiosos latino-americanos ;$v20.$0(OLS)http://pul/title/113698 850 $aPUL 852 $aPUL$W1$xDP1 Fondo Pastorale$y55$mP2 F 49$j111497$nBK-PRI$b $qFondi$B111497$CPULBib$Z2$F111497 $HPUL2683 $81 941 1 $a1 996 $6245$aElementos para una sociolog{rcommaa}a del catolicismo latinoamericano$9(OLS)http://pul/title/113762 996 $6260$aFriburgo (Suiza) ;$aBogotá :$bOficina Internacional de Investigaciones Sociales de Feres$9(OLS)http://pul/publisher/77792